| 000 | 00825nam a2200265 a 4500 | ||
|---|---|---|---|
| 005 | 20240925063716.0 | ||
| 008 | 140619s2006 mx r 000 0 spa d | ||
| 020 | _a8498251605 (10 dígitos) | ||
| 020 | _a9788498251609 (13 dígitos) | ||
| 035 | _aUPN01000198119 | ||
| 049 | _aI | ||
| 050 | 4 |
_aPQ6707 I4 _bC4.4 |
|
| 100 | 1 |
_aGil Martínez, Carmen, _d1964- _932973 |
|
| 245 | 1 | 0 |
_aCeleste, la estrella marina / _cCarmen Gil, Carmen Queralt. |
| 260 |
_aBarcelona, [Esp.] : _bCombel, _cc2006. |
||
| 300 |
_a21 p. : _bil. col. |
||
| 440 | 0 |
_aCaballo alado. _pAl galope ; _v12 |
|
| 534 | _pTitulo original: | ||
| 650 | 4 |
_aEstrellas _vLiteratura infantil _922891 |
|
| 650 | 4 |
_aCuentos infantiles españoles _97725 |
|
| 700 | 1 |
_aQueralt, Carmen, _ecoaut. |
|
| 905 | _aInfantil | ||
| 999 |
_c170220 _d170220 |
||